000 00434nam a2200157Ia 4500
008 240729s9999 xx 000 0 und d
022 _a2394-7705
245 0 _aJournal of Foot and Ankle Surgery (Asia Pacific)
260 _aIndia
260 _bJaypee Brothers Medical Publisher
650 _a Surgery
650 _aMedicine
856 _uhttps://doaj.org/toc/9fc5a75c7de744b8977e0cde7142245b
942 _2ddc
942 _cDOAJEJ
999 _c74881
_d74881
945 _a1
_bMadushi Gamage
_c1
_dMadushi Gamage